Non-conventional energy resources / (Record no. 142344)

MARC details
000 -LEADER
fixed length control field 00694nam a2200205Ia 4500
005 - DATE AND TIME OF LATEST TRANSACTION
control field 20170706162942.0
010 ## - LCCN (DPL NO)
LC control number B-668110
020 ## - INTERNATIONAL STANDARD BOOK NUMBER
International Standard Book Number 9789332543577
Terms of availability 399.00
035 ## - SYSTEM CONTROL NUMBER
System control number B-668110
037 ## - SOURCE OF ACQUISITION
Source of stock number/acquisition Techniz/Ven
Stock number dpl
082 ## - DEWEY DECIMAL CLASSIFICATION NUMBER
Classification number 333.794
100 ## - MAIN ENTRY--PERSONAL NAME
Personal name Shobh Nath Singh
245 ## - TITLE STATEMENT
Title Non-conventional energy resources /
Statement of responsibility, etc by Shobh Nath Singh
260 ## - PUBLICATION, DISTRIBUTION, ETC. (IMPRINT)
Date of publication, distribution, etc 2015
Place of publication, distribution, etc Noida
Name of publisher, distributor, etc Pearson India
270 ## - ADDRESS
Address 7th Floor, Knowledge Bopulevard, A-8(A), Sector-62
City Noida
Postal code 201309
300 ## - PHYSICAL DESCRIPTION
Dimensions 24cm(pbk)
Extent xxvi,530p.
Other physical details ill.
500 ## - GENERAL NOTE
General note Includes index
942 ## - ADDED ENTRY ELEMENTS (KOHA)
Item type English Books
Source of classification or shelving scheme Dewey Decimal Classification
Call number suffix SHO
Classification part 333.794
Holdings
Withdrawn status Lost status Not for loan Collection code Home library Current library Date acquired Source of acquisition Cost, normal purchase price Full call number Barcode Copy number Cost, replacement price Koha item type
      Non-fiction Ashok Vihar Ashok Vihar 06/07/2017 BPPD/EN/2014-15/AV/16-17/434/15.2.2017/TZ17435/24.2.2017/ 18.3.2017 399.00 333.794 SHO B-668110 1 399.00 English Books

© Delhi Public Library
Hit Counter
free hit counter